30 anos da Constituição de 1988 : (Record no. 220)

MARC details
000 -LÍDER
Campo Fixo de Controle 01004cam a2200241 a 4500
001 - NÚMERO DE CONTROLE
Campo de Controle 220
003 - IDENTIFICAÇÃO DO NÚMERO DE CONTROLE
Campo de Controle BR-CuiBMT
005 - DATA E HORA DA ÚLTIMA ATUALIZAÇÃO
Campo de Controle 20231129042105.0
008 - DADOS FIXOS
Dados Fixos 230831s2019 mgb 000 0 por d
020 ## - INTERNATIONAL STANDARD BOOK NUMBER
Nº do ISBN 9788545005957
040 ## - AGÊNCIA CATALOGADORA
Código da Agência Catalogadora BR-CuiBMT
Agência que transcreveu o registro BR-CuiBMT
080 ## - Nº DA CLASSIFICAÇÃO DECIMAL UNIVERSAL
Nº edição CDU 2007
Nº Class. CDU 342.4
Subd. Auxiliar Comum (81)
-- "1988"
090 ## - NÚMERO DE CHAMADA
Nº classificação 342.4(81)"1988"
Cutter A615
245 03 - TÍTULO PRINCIPAL
Título principal 30 anos da Constituição de 1988 :
Subtítulo uma jornada democrática inacabada /
Indicação de responsabilidade Carlos Bolonha, Fábio Corrêa de Souza Oliveira, coordenação geral ; Maíra Almeida, coordenação científica ; Elpídio Paiva Luz Segundo, coordenação executiva ; prefácios: Peter Hëberle ... [et al.].
246 32 - FORMAS VARIANTES DO TÍTULO
Título principal Trinta anos da Constituição de 1988 :
Subtítulo uma jornada democrática inacabada
260 ## - PUBLICAÇÃO, DISTRIBUIÇÃO, ETC.
Local de publicação Belo Horizonte :
Editora Fórum,
Data 2019.
300 ## - DESCRIÇÃO FÍSICA
N. páginas ou volumes 624 p. :
Ilustrações il. ;
Dimensões 24 cm
504 ## - NOTA DE BIBLIOGRAFIA, ETC.
Nota de bibliografia Inclui bibliografia.
610 ## - ASSUNTO -- ENTIDADE
Nome da Entidade ou lugar Brasil.
Título da publicação Constituição (1988)
650 ## - ASSUNTO TÓPICO
Cabeçalho tópico ou nome geográfico Direito constitucional
Subdivisão geográfica Brasil
700 1# - ENTRADA SECUNDÁRIA -- NOME PESSOAL
Nome pessoal Bolonha, Carlos
Cód. do termo explicativo et al.
-- coord.
942 ## - ELEMENTOS DE ENTRADA ADICIONAIS (KOHA)
Fonte de classificação ou esquema de arquivamento Classificação Decimal Universal
Tipo de item do Koha Livros
Holdings
Estado: removido Estado: perdido Fonte de classificação ou esquema de arquivamento Estado: danificado Indisponível para empréstimo Localização permanente Localização atual Data de aquisição Total Checkouts Número de Chamada completo Código de barras Date last seen Número do exemplar Preço efetivo a partir de Tipo de item (Koha)
    Classificação Decimal Universal     Biblioteca da Escola Superior de Contas do TCE/MT Biblioteca da Escola Superior de Contas do TCE/MT 28/06/2023   342.4(81)"1988" A615 BIBTCEMT23080199 31/08/2023 Ex. 1 31/08/2023 Livros
    Classificação Decimal Universal     Biblioteca da Escola Superior de Contas do TCE/MT Biblioteca da Escola Superior de Contas do TCE/MT 28/07/2023   342.4(81)"1988" A615 BIBTCEMT23100051 31/10/2023 Ex. 2 31/10/2023 Livros
    Classificação Decimal Universal     Biblioteca da Escola Superior de Contas do TCE/MT Biblioteca da Escola Superior de Contas do TCE/MT 05/12/2023   342.4(81)"1988" A615 BIBTCEMT23120207 05/12/2023 Ex. 3 05/12/2023 Livros

Powered by Koha